00221nam a2200085Ia 450000100070000000500170000700800410002424500490006526000210011485340020250826174532.0250824s9999 xx 000 0 und d 0aFURKAN ALLAHA EMANET OLcKAHRAMAN TAZEOĞLU bDESTEK YAYINLARI